| 000 | 01501cam a22002054a 4500 | ||
|---|---|---|---|
| 005 | 20250605164219.0 | ||
| 008 | 250528s ||||||||||||||||||||||||d | ||
| 035 | _a20580 | ||
| 020 | _a9608202086 | ||
| 040 |
_aGR-AtMCL _bgre _dGR-AtMCL _eAACR2 |
||
| 245 | 1 | _aΤα Πάντα γύρω από το SEX / Σε Κόμικ | |
| 260 |
_bΠερίπλους, _c2004 |
||
| 300 | _a248 | ||
| 520 | _aΌλα όσα θέλατε, μεγάλοι και μικρότεροι, έμπειροι και πρωτάρηδες, να μάθετε για το σεξ και δεν ευκαιρείτε να διαβάσετε! Τα Παράδοξα του ΄Έρωτα, Είμαστε κατά Βάθος Ζώα! Ή Πως η Αναπαραγωγική Ανάγκη Οδηγεί στον Έρωτα, Η Ανθρώπινη Σεξουαλική Ανατομία, Σεξουαλική Διαπαιδαγώγηση, Ποιός θα Πλύνει τα Πιάτα: Τα Δύο Φύλα και η Σεξουαλικότητα στην Ενήλικη Ζωή, Η Επικοινωνία Μεταξύ των Εραστών, Η Αγάπη, Το πως Λέμε ''Να το Κάνουμε'', Αποφεύγοντας την Εγκυμοσύνη, Η Ερωτική Υγεία και Εναλλακτικές Επιλογές, Απρόσκλητος Έρωτας, Προβλήματα και Λύσεις. | ||
| 700 | 1 |
_aDevault Christine _96549 |
|
| 700 | 1 |
_aGonick Larry _96550 |
|
| 942 | _cBK | ||
| 999 |
_c5671 _d5671 |
||